000 00450nam a2200169Ia 4500
008 230711s9999||||xx |||||||||||||| ||und||
041 _aENG
082 _a621.3
_bCA-E
100 _aJ. J. Cathey 
245 0 _aSchaum's outline of basic Electrical Engineering
250 _a1st Ed.
260 _c1990
_aNew Delhi
_bTata McGraw Hill Education Limited
300 _a175
650 _aElectrical Engineering
700 _aSyed A. Nasar
942 _cBK
999 _c2854
_d2854